Lịch sử triết học phương Tây

Nội dung sách gồm triết học Hy Lạp và La Mã cổ đại; triết học Tây Âu thời kỳ Trung cổ; Triết học Tây âu thời kỳ Phục hưng và cận đại; triết học cổ điển Đức.

Enregistré dans:
Détails bibliographiques
Auteur principal: Nguyễn, Tiến Dũng
Format: Livre
Langue:Undetermined
Publié: Hà Nội Khoa học xã hội 2015
Sujets:
Tags: Ajouter un tag
Pas de tags, Soyez le premier à ajouter un tag!
Thư viện lưu trữ: Trung tâm Học liệu Trường Đại học Cần Thơ
LEADER 00903nam a2200205Ia 4500
001 CTU_232229
008 210402s9999 xx 000 0 und d
020 |c 140000 
082 |a 180 
082 |b D513 
100 |a Nguyễn, Tiến Dũng 
245 0 |a Lịch sử triết học phương Tây 
245 0 |c Nguyễn Tiến Dũng 
260 |a Hà Nội 
260 |b Khoa học xã hội 
260 |c 2015 
520 |a Nội dung sách gồm triết học Hy Lạp và La Mã cổ đại; triết học Tây Âu thời kỳ Trung cổ; Triết học Tây âu thời kỳ Phục hưng và cận đại; triết học cổ điển Đức. 
650 |a History of philosophy,Ancient Philosophy,Lịch sử triết học,Triết học cổ đại 
910 |a Tuyến 
980 |a Trung tâm Học liệu Trường Đại học Cần Thơ